The Nucleus. (Record no. 532938)
[ view plain ]
| 000 -LEADER | |
|---|---|
| fixed length control field | 01735cas a22005411 4500 |
| 001 - CONTROL NUMBER | |
| control field | 11157538 |
| 003 - CONTROL NUMBER IDENTIFIER | |
| control field | NUST |
| 005 - DATE AND TIME OF LATEST TRANSACTION | |
| control field | 20191208171205.0 |
| 008 - FIXED-LENGTH DATA ELEMENTS--GENERAL INFORMATION | |
| fixed length control field | 800531c19649999pk qr p f0 a0eng |
| 010 ## - LIBRARY OF CONGRESS CONTROL NUMBER | |
| LC control number | sa 65002378 |
| 016 7# - NATIONAL BIBLIOGRAPHIC AGENCY CONTROL NUMBER | |
| Record control number | 9875031 |
| Source | DNLM |
| 016 7# - NATIONAL BIBLIOGRAPHIC AGENCY CONTROL NUMBER | |
| Record control number | N33860000 |
| Canceled/invalid control number | Q01743000 |
| Source | DNLM |
| 016 7# - NATIONAL BIBLIOGRAPHIC AGENCY CONTROL NUMBER | |
| Record control number | 007176752 |
| Source | Uk |
| 022 ## - INTERNATIONAL STANDARD SERIAL NUMBER | |
| International Standard Serial Number | 0029-5698 |
| ISSN-L | 0029-5698 |
| 025 ## - OVERSEAS ACQUISITION NUMBER | |
| Overseas acquisition number | PL480:P-D-E-116 |
| 030 ## - CODEN DESIGNATION | |
| CODEN | NCLEAM |
| 035 ## - SYSTEM CONTROL NUMBER | |
| System control number | (OCoLC)ocm06375430 |
| 038 ## - RECORD CONTENT LICENSOR | |
| Staff Name | ATTAULLAH |
| 040 ## - CATALOGING SOURCE | |
| Original cataloging agency | DLC |
| Language of cataloging | eng |
| Transcribing agency | DLC |
| Modifying agency | SER |
| -- | AIP |
| -- | DLC |
| -- | AIP |
| -- | HUL |
| -- | AGL |
| -- | OCLCQ |
| -- | NLM |
| -- | OCLCQ |
| -- | UKMGB |
| -- | OCLCO |
| -- | OCLCF |
| -- | OCLCO |
| -- | OCLCQ |
| -- | CUS |
| 041 0# - LANGUAGE CODE | |
| Language code of text/sound track or separate title | eng |
| Language code of summary or abstract | fre |
| -- | ger |
| 042 ## - AUTHENTICATION CODE | |
| Authentication code | pcc |
| 050 00 - LIBRARY OF CONGRESS CALL NUMBER | |
| Classification number | TK9001.P3 |
| Item number | A25 |
| 070 0# - NATIONAL AGRICULTURAL LIBRARY CALL NUMBER | |
| Classification number | Q1.N8 |
| 072 #0 - SUBJECT CATEGORY CODE | |
| Subject category code | X400 |
| 082 ## - DEWEY DECIMAL CLASSIFICATION NUMBER | |
| Classification number | Vol-55, No-2 2018 |
| 210 0# - ABBREVIATED TITLE | |
| Abbreviated title | Nucleus |
| Qualifying information | (Karachi) |
| 222 #0 - KEY TITLE | |
| Key title | Nucleus |
| Qualifying information | (Karachi) |
| 245 04 - TITLE STATEMENT | |
| Title | The Nucleus. |
| 260 ## - PUBLICATION, DISTRIBUTION, ETC. | |
| Place of publication, distribution, etc. | [Lahore] |
| 300 ## - PHYSICAL DESCRIPTION | |
| Extent | volumes |
| Other physical details | illustrations, portraits |
| Dimensions | 28 cm |
| 336 ## - CONTENT TYPE | |
| Content type term | text |
| Content type code | txt |
| Source | rdacontent |
| 337 ## - MEDIA TYPE | |
| Media type term | unmediated |
| Media type code | n |
| Source | rdamedia |
| 338 ## - CARRIER TYPE | |
| Carrier type term | volume |
| Carrier type code | nc |
| Source | rdacarrier |
| 362 0# - DATES OF PUBLICATION AND/OR SEQUENTIAL DESIGNATION | |
| Dates of publication and/or sequential designation | v. 1- Jan./Mar. 1964- |
| 510 2# - CITATION/REFERENCES NOTE | |
| Name of source | Chemical abstracts |
| International Standard Serial Number | 0009-2258 |
| 530 ## - ADDITIONAL PHYSICAL FORM AVAILABLE NOTE | |
| Additional physical form available note | Also issued online. |
| 546 ## - LANGUAGE NOTE | |
| Language note | Summaries in English, French and German. |
| 550 ## - ISSUING BODY NOTE | |
| Issuing body note | Journal of the Pakistan Atomic Energy Commission. |
| 590 ## - LOCAL NOTE (RLIN) | |
| Local note | SERBIB/SERLOC merged record |
| 650 #0 - SUBJECT ADDED ENTRY--TOPICAL TERM | |
| Topical term or geographic name entry element | Nuclear energy |
| Form subdivision | Periodicals. |
| 9 (RLIN) | 26569 |
| 650 #7 - SUBJECT ADDED ENTRY--TOPICAL TERM | |
| Topical term or geographic name entry element | Nuclear energy. |
| Source of heading or term | fast |
| Authority record control number or standard number | (OCoLC)fst01039951 |
| 9 (RLIN) | 26570 |
| 655 #7 - INDEX TERM--GENRE/FORM | |
| Genre/form data or focus term | Periodicals. |
| Source of term | fast |
| Authority record control number | (OCoLC)fst01411641 |
| 9 (RLIN) | 26571 |
| 710 2# - ADDED ENTRY--CORPORATE NAME | |
| Corporate name or jurisdiction name as entry element | Pakistan Atomic Energy Commission. |
| 9 (RLIN) | 26572 |
| 776 08 - ADDITIONAL PHYSICAL FORM ENTRY | |
| Relationship information | Online version: |
| Title | Nucleus |
| Record control number | (OCoLC)563183494 |
| 906 ## - LOCAL DATA ELEMENT F, LDF (RLIN) | |
| a | 7 |
| b | cbc |
| c | serials |
| d | 3 |
| e | ncip |
| f | 19 |
| g | n-oclcserc |
| 942 ## - ADDED ENTRY ELEMENTS (KOHA) | |
| Source of classification or shelving scheme | |
| Koha item type | Continuing Resources |
| Withdrawn status | Lost status | Source of classification or shelving scheme | Damaged status | Not for loan | Permanent Location | Current Location | Date acquired | Total Checkouts | Full call number | Barcode | Date last seen | Price effective from | Koha item type |
|---|---|---|---|---|---|---|---|---|---|---|---|---|---|
| Central Library (CL) | Central Library (CL) | 12/08/2019 | Vol-55, No-2 2018 | S-3007 | 12/08/2019 | 12/08/2019 | Continuing Resources |
